[Event "VIE-chT (Women)"]
[Site "Ho Chi Minh City"]
[Date "2017.07.27"]
[Round "6.26"]
[White "Tran, Thi Tam Doan"]
[Black "Thai, Ngoc Tuong Minh"]
[Result "0-1"]
[WhiteElo "1929"]
[BlackElo "1220"]
[PlyCount "136"]
[EventDate "2017.07.24"]
[EventType "team-swiss"]
[EventRounds "9"]
[EventCountry "VIE"]
[SourceTitle "EXT 2019"]
[Source "ChessBase"]
[SourceDate "2018.10.10"]
[SourceVersion "1"]
[SourceVersionDate "2018.10.10"]
[SourceQuality "1"]

1. e4 c5 2. Nf3 d6 3. Bc4 Nc6 4. c3 Nf6 5. d3 g6 6. 0-0 Bg7 7. Be3 Bg4 8. h3 Bxf3 9. Qxf3 Ne5 10. Bb5+ Nfd7 11. Qe2 a6 12. Ba4 b5 13. Bb3 Nc6 14. Nd2 0-0 15. f4 b4 16. Rac1 bxc3 17. bxc3 Nb6 18. Qf2 Na5 19. d4 Nxb3 20. Nxb3 c4 21. Nd2 Rc8 22. d5 Nd7 23. Bd4 Bxd4 24. Qxd4 Qb6 25. Qxb6 Nxb6 26. Rb1 Na4 27. Rfc1 Rb8 28. Nxc4 Rxb1 29. Rxb1 Nxc3 30. Rb7 Re8 31. e5 Ne2+ 32. Kf2 Nxf4 33. exd6 exd6 34. Nxd6 Rf8 35. Rb6 Ra8 36. Rb7 Nxd5 37. Nxf7 Rf8 38. Kg3 Rxf7 39. Rb8+ Kg7 40. Ra8 Nc7 41. Ra7 Kf6 42. a4 Ke5 43. Rb7 Kd5 44. a5 Kc5 45. Kg4 h5+ 46. Kg3 Re7 47. Kf3 Nd5 48. Rb8 Re3+ 49. Kf2 Re6 50. Rb2 Nb4 51. Rb1 Kb5 52. Kf3 Kxa5 53. Ra1+ Kb5 54. Rb1 a5 55. Kf2 a4 56. Kg3 a3 57. Kf4 a2 58. Re1 Ra6 59. Ra1 Nc2 60. Rc1 a1Q 61. Rxc2 Qf6+ 62. Ke3 Ra3+ 63. Kd2 Qf2+ 64. Kd1 Ra1+ 65. Rc1 Rxc1+ 66. Kxc1 Kc4 67. g4 Kc3 68. gxh5 Qc2# 0-1